| Поле | Инд. | ПП | Название | Значение |
|---|---|---|---|---|
| Тип записи | a | |||
| Библиографический уровень | m | |||
| 001 | Контрольный номер | RU/LIBMSTU/263917271 | ||
| 005 | Дата корректировки | 20190424105730.6 | ||
| 020 | 00 | a | ISBN | 5-8365-0146-7 |
| c | Цена, тираж | 155-00; 175-00 | ||
| 084 | a | Индекс другой классификации/Индекс ББК | 26.34 | |
| 090 | 00 | a | Полочн. индекс | 26.3 |
| x | Авторский знак | Х 17 | ||
| 100 | 10 | a | Автор | Халимов К. Э. |
| 245 | 00 | a | Заглавие | Эволюция отечественной классификации запасов нефти и газа |
| c | Ответственность | под ред. Э. М. Халимова | ||
| 260 | 00 | a | Место издания | Москва |
| b | Издательство | Недра-Бизнесцентр | ||
| c | Дата издания | 2003 | ||
| 300 | 00 | a | Объем | 188 с. |
| b | Иллюстрации/ тип воспроизводства | ил. | ||
| 650 | _4 | a | Основная рубрика | Запасы полезных ископаемых-Подсчет и классификации |
| 653 | 00 | a | Ключевые слова | Газы природные горючие |
| a | Ключевые слова | Классификация запасов | ||
| a | Ключевые слова | Месторождения полезных ископаемых | ||
| a | Ключевые слова | Нефть | ||
| 990 | 00 | f | Даты поступлений (DOS) | 12.03 |
| f | Даты поступлений (DOS) | 11.03 |